Statistics for Toes of a champion

Click here to take the quiz!

General Stats

  • This quiz has been taken 7 times
  • The average score is 4 of 8

Answer Stats

HintAnswer% Correct
Who has toes?Me
100%
does a Teddy Graham have toes?maybe
50%
Does JetPunk have toes?2 toes
33%
Does the longest word in the dictionary have the word toes in it?I didn't check
33%
How many toes do giraffes have?I dunno
33%
Who doesn't have toes?Nobody
33%
Do narwhals have toes?No, but flippers
33%
does mcdonalds sell toesYes, but they shouldn't
33%

Score Distribution

Percentile by Number Answered

Percent of People with Each Score

Your Score History

You have not taken this quiz